[Event "Brasiliense sf"]
[Site "Brazil"]
[Date "2000.09.26"]
[Round "6"]
[White "Deusdara, Alan Tiago"]
[Black "Barbalho, Gislaine Santos"]
[Result "1-0"]
[WhiteElo "1532"]
[BlackElo "1583"]
[PlyCount "41"]
[EventDate "2000.09.??"]
[EventType "swiss"]
[EventRounds "7"]
[EventCountry "BRA"]
[SourceTitle "EXT 2006"]
[Source "ChessBase"]
[SourceDate "2005.11.24"]
[SourceVersion "1"]
[SourceVersionDate "2005.11.24"]
[SourceQuality "1"]

1. e4 c5 2. Nf3 d6 3. d4 cxd4 4. Nxd4 Nf6 5. Nc3 a6 6. Bg5 h6 7. Bxf6 exf6 8. Qd2 Be7 9. 0-0-0 0-0 10. f4 Bd7 11. h4 Qb6 12. Be2 Nc6 13. Nxc6 bxc6 14. g4 Rab8 15. b3 f5 16. exf5 Bf6 17. g5 Bxc3 18. Qxc3 a5 19. gxh6 gxh6 20. Rhg1+ Qxg1 21. Rxg1+ 1-0